Textos sobre las lenguas de Aragón / (Record no. 180199)

MARC details
000 -LEADER
campo de control de longitud fija 01381nam a2200313 i 4500
001 - NÚMERO DE CONTROL
campo de control 180199
003 - IDENTIFICADOR DE NÚMERO DE CONTROL
campo de control ES-MaACL
005 - FECHA Y HORA DE LA ÚLTIMA TRANSACCIÓN
campo de control 20230927171231.0
008 - DATOS DE LONGITUD FIJA--INFORMACIÓN GENERAL
campo de control de longitud fija 120516s2010 sp |||| | spa d
020 ## - NÚMERO INTERNACIONAL ESTÁNDAR DEL LIBRO
Número Internacional Estándar del Libro 978-84-937101-4-9
080 ## - NÚMERO DE LA CLASIFICACIÓN DECIMAL UNIVERSAL
Número de la Clasificación Decimal Universal 81(081)Costa, Joaquín
100 1# - ENTRADA PRINCIPAL--NOMBRE DE PERSONA
Nombre de persona Costa, Joaquín,
Fechas asociadas al nombre 1846-1911
9 (RLIN) 41054
245 10 - MENCIÓN DEL TÍTULO
Título Textos sobre las lenguas de Aragón /
Mención de responsabilidad, etc. Joaquín Costa ; introducción general de Ramón Sistac.
260 ## - PUBLICACIÓN, DISTRIBUCIÓN, ETC.
Lugar de publicación, distribución, etc. Zaragoza :
Nombre del editor, distribuidor, etc. Aladrada,
Fecha de publicación, distribución, etc. [2010]
300 ## - DESCRIPCIÓN FÍSICA
Extensión 2 v. (139 ; 142 p.) ;
Dimensiones 21 cm.
490 1# - MENCIÓN DE SERIE
Mención de serie Biblioteca de las lenguas de Aragón ;
Designación de volumen o secuencia 3-4
505 8# - NOTA DE CONTENIDO CON FORMATO
Nota de contenido con formato Contiene: 1. Los dialectos de transición en general y los celtibérico-latinos en particular - 2. Artículos y otros escritos / edición de José Ignacio López Susín
650 #4 - PUNTO DE ACCESO ADICIONAL DE MATERIA--TÉRMINO DE MATERIA
Término de materia o nombre geográfico como elemento de entrada Lengua española-
Subdivisión geográfica Aragón.
9 (RLIN) 172887
650 #4 - PUNTO DE ACCESO ADICIONAL DE MATERIA--TÉRMINO DE MATERIA
Término de materia o nombre geográfico como elemento de entrada Dialecto aragonés.
9 (RLIN) 172888
700 1# - ENTRADA AGREGADA--NOMBRE PERSONAL
Nombre de persona Sistac i Vicén, Ramon.
9 (RLIN) 150020
700 1# - ENTRADA AGREGADA--NOMBRE PERSONAL
Nombre de persona López Susín, José Ignacio.
9 (RLIN) 150021
710 2# - ENTRADA AGREGADA--NOMBRE DE ENTIDAD CORPORATIVA
Nombre de entidad corporativa o nombre de jurisdicción como elemento de entrada Fundación Joaquín Costa.
9 (RLIN) 4336
740 42 - ENTRADA AGREGADA--TÍTULO RELACIONADO/ANALÍTICO NO CONTROLADO
Título relacionado o analítico no controlado Los dialectos de transición en general y los celtibérico-latinos en particular.
830 1# - PUNTO DE ACCESO ADICIONAL DE SERIE-TÍTULO UNIFORME
Título uniforme Biblioteca de las lenguas de Aragón ;
Designación de volumen o secuencia 3-4
9 (RLIN) 224607
852 ## - LOCALIZACIÓN
Ubicación ES-MaACL
Número de control de estantería A-12001
itemnumber 187109
Sublocalización o colección R.148745
Ubicación en estantería Depósito 1
Signatura antigua Olim: N-5006
852 ## - LOCALIZACIÓN
Ubicación ES-MaACL
Número de control de estantería A-12002
itemnumber 200541
Sublocalización o colección R.148745
Ubicación en estantería Depósito 1
Signatura antigua Olim: N-5007
942 ## - ELEMENTOS DE ENTRADA SECUNDARIOS (KOHA)
Fuente del sistema de clasificación o colocación Clasificación decimal universal
Tipo de ítem Koha Libro impreso
Holdings
Estatus retirado Estado de pérdida Fuente del sistema de clasificación o colocación Estado de daño No para préstamo Biblioteca de origen Biblioteca actual Ubicación en estantería Fecha de adquisición Fuente de adquisición Enumeración/cronología de publicación seriada Total de préstamos Signatura topográfica completa Código de barras Visto por última vez Precio de reemplazo Tipo de ítem Koha
    Clasificación decimal universal     Biblioteca del Ateneo de Madrid Biblioteca del Ateneo de Madrid Depósito 1 16/05/2012 Donación v.1   A-12001 1189345 23/02/2023 23/02/2023 Libro impreso
    Clasificación decimal universal     Biblioteca del Ateneo de Madrid Biblioteca del Ateneo de Madrid Depósito 1 16/05/2012 Donación v.2   A-12002 101205836 27/09/2023 23/02/2023 Libro impreso